| 000 | 00775nam a2200217 a 4500 | ||
|---|---|---|---|
| 001 | 000010919 | ||
| 005 | 20240412074221.0 | ||
| 008 | 091013s19uu dr 001 p spa d | ||
| 040 |
_aDO-SdBNP _bspa _cBNPHU |
||
| 082 |
_aRD861.44 _bP644v |
||
| 100 | 1 |
_aPimentel, Amparo, _d1939- _q(Mercedes Amparo) _926334 |
|
| 245 | 1 | 0 |
_aVivencias tuyas y mías / _cAmparo Pimentel ; prólogo Ramón Bolívar Bautista Madé. |
| 260 |
_aSanto Domingo : _bMediabyte, _c[199?]. |
||
| 300 |
_a83 p. ; _c21 cm. |
||
| 500 | _aIncluye datos biográficos de la autora en la contracubierta. | ||
| 650 | 0 |
_aPoesía dominicana _966 |
|
| 650 | 0 |
_aLiteratura dominicana. _967 |
|
| 700 | 1 | 2 |
_aBautista Madé, Ramón Bolivar, _epról. _926335 |
| 910 | _aValidado. Control de calidad MFF | ||
| 049 | _aBNPD | ||
| 999 |
_c10657 _d10657 |
||